00738nam a2200205 i 450000100060000000300090000600500170001500700030003200800410003510000440007624500860012026000560020630000220026249000620028465000280034665000240037471000510039883000620044985200210051179140ES-MaACL20251004063124.0t|041019s1930 sp |||| |dspa d1 aHernández Díaz, José, d1906-199810aMateriales para la historia del arte español / cpor José Hernández Díaz. aSevilla : b[s.n., c1930] (fImp. Raimundo Blanco) a122 p. ; c25 cm.1 aDocumentos para la historia del arte en Andalucía ; v2 4aArtistas-zAndalucía.04aArte-zAndalucía.2 aUniversidad de Sevilla. bLaboratorio de Arte.0 aDocumentos para la historia del arte en Andalucía ; v2 aES-MaACLjB-4960